000 01905cam a22001934a 4500
005 20250605164357.0
008 250528s ||||||||||||||||||||||||d
035 _a24361
040 _aGR-AtMCL
_bgre
_dGR-AtMCL
_eAACR2
245 1 _aΤο IT Μονόδρομος για την Ανάπτυξη της Χώρας / Ξεκάθαρη Στρατηγική και Πλήθος IT Υπηρεσιών και Λύσεων Σημαίνει Εμπιστοσύνη
260 _c2017
300 _a50
520 _aΤο Cloud είναι Πέον Mainstream, Το IT Μονόδρομος για την Ανάπτυξη της Χώρας, Παράδοξα της Ψηφιακής Οικονομίας, IT Συστήματα και Ρεαλιστικές Απαιτήσεις, CIO Vs CFO: Φίλο ή Εχθροί, Η Lean Μεθοδολογία Κλειδί για την Επιχειρηματική Αριστεία, Ένας Γενναίος Νέος Κόσμος Αναδύεται στην Παγκόσμια Τραπεζική Αγορά, Οικονομική Διεύθυνση Αλλιώς - Νεόι Ρόλοι και Διαδικασίες, ICS Systems: Εχθρός προ των Πυλών, Ζητούνται Information Security Professionals, Big Dat 2017: Όταν το Meta είναι το Αμέσως Μετά, Η Εμπιστοσύνη Κερδίζεται από το Εύρος των IT Υπηρεσιών και Λύσεων, Το IoT από τη Σκοπιά του ITSM, Χωρούν τα 2G - 3G - LTE και 5G στο Υπό Διαμόρφωση IoT Τοπίο, 3+1 Πονοκέφαλοι που Κρατούν τους CEOs Ξύπνιους τη Νύχτα, Νόμος είναι το Δίκιο των Ρομπότ.
700 1 _aΜαρκέτος Παναγιώτης
_99453
700 1 _aΜπούσιας Μιχάλης Κ
_99357
942 _cCR
999 _c9249
_d9249